Revue catalane : organe de la Société d'Études Catalanes organe de la Société d'Études Catalanes
Descripción Física:
25 cm
MARC
| LEADER | 00000nam a2200000Ia 4500 | ||
|---|---|---|---|
| 008 | 160829s1907-[192?] xx 000 0 cat d | ||
| 008 | 160829s9999 xx 000 0 cat d | ||
| 110 | 2 | |a Institut d'Estudis Catalans |9 52284 | |
| 952 | |0 0 |1 0 |4 0 |6 3845 |7 1 |9 53968 |a Arxiu |b Arxiu |d 2016-12-01 |l 0 |o 3845 |r 2016-12-01 00:00:00 |w 2016-12-01 |y ARXIU | ||
| 999 | |c 57835 |d 57835 | ||
| 080 | |a 3845 | ||
| 245 | |a Revue catalane : |b organe de la Société d'Études Catalanes | ||
| 260 | |a Perpignan : |b Société d'études catalanes, |c 1907-[192?] | ||
| 300 | |a 25 cm | ||
| 362 | |a No 1 (janvier 1907?)- | ||
| 590 | |a Text en francès i català. | ||
| 590 | |a Descripció basada en: Any 7, 1913 (74). | ||
| 590 | |a Mensual. | ||
| 590 | |a A partir de 1921, bimestral | ||
| 650 | |a Literatura catalana |x Revistes |9 47561 | ||
| 650 | 0 | |a Cultura catalana |v Revistes |9 10259 | |
| 650 | |a Català |x Revistes |9 47563 | ||
| 856 | |u https://arca.bnc.cat/arcabib_pro/ca/consulta/registro.do?id=2233 |y ARCA | ||
| 866 | |a Année 7, 1913 (74) | ||
| 901 | |a Arxiu | ||
| 942 | |n 1 |2 udc | ||